<?xml version="1.0" encoding="UTF-8"?>
<record
    xmlns:xsi="http://www.w3.org/2001/XMLSchema-instance"
    xsi:schemaLocation="http://www.loc.gov/MARC21/slim http://www.loc.gov/standards/marcxml/schema/MARC21slim.xsd"
    xmlns="http://www.loc.gov/MARC21/slim">

  <leader>00801nam a2200181 a 4500</leader>
  <controlfield tag="001">BRCA_570</controlfield>
  <controlfield tag="005">20190320203052.0</controlfield>
  <controlfield tag="008">171005s1994----mx-a---###---#000-0#spa-d</controlfield>
  <datafield tag="020" ind1=" " ind2=" ">
    <subfield code="a">9686191453</subfield>
    <subfield code="p">NK7983</subfield>
    <subfield code="b">.T47 1994</subfield>
  </datafield>
  <datafield tag="245" ind1="1" ind2="0">
    <subfield code="a">Tesoros del la edad de bronce del Museo Shanghai</subfield>
    <subfield code="c">traducci&#xF3;n Leticia Leduc.</subfield>
  </datafield>
  <datafield tag="260" ind1=" " ind2=" ">
    <subfield code="a">M&#xE9;xico</subfield>
    <subfield code="b">Fundaci&#xF3;n Cultural Televisa ; Centro Cultural Arte Contempor&#xE1;neo</subfield>
    <subfield code="c">1994</subfield>
  </datafield>
  <datafield tag="300" ind1=" " ind2=" ">
    <subfield code="a">183 p.</subfield>
    <subfield code="b">il. a color, tablas, mapas</subfield>
    <subfield code="c">30 cm.</subfield>
  </datafield>
  <datafield tag="500" ind1=" " ind2=" ">
    <subfield code="a">Cat&#xE1;logo de la exposici&#xF3;n realizada en el Centro Cultural Arte Contempor&#xE1;neo (Ciudad de M&#xE9;xico), 3 marzo - 3 julio, 1994</subfield>
  </datafield>
  <datafield tag="650" ind1="1" ind2="4">
    <subfield code="a">Bronce</subfield>
    <subfield code="v">Cat&#xE1;logo</subfield>
    <subfield code="y">Siglo XVII-III a.c</subfield>
    <subfield code="z">China</subfield>
    <subfield code="9">1966</subfield>
  </datafield>
  <datafield tag="650" ind1="1" ind2="4">
    <subfield code="a">Metales y metalister&#xED;a</subfield>
    <subfield code="y">Dinast&#xED;as Xia, Shang y Zhon</subfield>
    <subfield code="z">China</subfield>
    <subfield code="9">1967</subfield>
  </datafield>
  <datafield tag="700" ind1="1" ind2=" ">
    <subfield code="a">Leduc, Leticia</subfield>
    <subfield code="9">1968</subfield>
  </datafield>
  <datafield tag="942" ind1=" " ind2=" ">
    <subfield code="2">lcc</subfield>
    <subfield code="c">B</subfield>
  </datafield>
  <datafield tag="999" ind1=" " ind2=" ">
    <subfield code="c">500</subfield>
    <subfield code="d">500</subfield>
  </datafield>
  <datafield tag="952" ind1=" " ind2=" ">
    <subfield code="0">0</subfield>
    <subfield code="1">0</subfield>
    <subfield code="4">0</subfield>
    <subfield code="7">0</subfield>
    <subfield code="a">BRCA</subfield>
    <subfield code="b">BRCA</subfield>
    <subfield code="d">2008-06-25</subfield>
    <subfield code="l">0</subfield>
    <subfield code="p">00888</subfield>
    <subfield code="r">2019-03-22 00:00:00</subfield>
    <subfield code="w">2019-03-22</subfield>
    <subfield code="y">B</subfield>
  </datafield>
</record>
